ห้องสมุด วิทยาลัยพยาบาลบรมราชชนนี อุดรธานี Boromarajonani College of Nursing, Udonthani
mysqli: Table './ulib2015/stat_globaluid' is marked as crashed and last (automatic?) repair failed select id from stat_globaluid where statuid='20260419094201_4818' mysqli: Table './ulib2015/stat_globaluid' is marked as crashed and last (automatic?) repair failed DELETE FROM stat_globaluid
WHERE id NOT IN (
SELECT id
FROM (
SELECT id
FROM stat_globaluid
ORDER BY id DESC
LIMIT 100
) foo
); mysqli: Table './ulib2015/stat_globaluid' is marked as crashed and last (automatic?) repair failed insert into stat_globaluid set
statuid='20260419094201_4818',
dt='1776566521',
phpself='/ULIB/dublinfull.php',
agent='Mozilla/5.0 AppleWebKit/537.36 (KHTML, like Gecko; compatible; ClaudeBot/1.0; +claudebot@anthropic.com)',
yea='2026',
mon='4',
dat='19',
ip='216.73.216.142'
LEADER 00566nam 2200193 a 4500
001 9791
003 ULIBM
008 110411s2542 th m a000 0 tha d
024 974-678-161-8
050 4 ^a WE 705 ^bท364ก 2542.
245 00 ^a การเจริญเติบโตและพัฒนาการของกะโหลกศรีษะและใบหน้า/^cทัศนีย์ วังศรีมงคล.
250 ^a พิมพ์ครั้งที่ 1.
260 ^a ขอนแก่น:^b มหาวิทยาลัยขอนแก่น,^c2542.
300 ^a 187 หน้า
650 7 ^a กะโหลกศรีษะ--การพัฒนา:^b ใบหน้า--การพัฒนาการ.
710 2 ^a ทัศนีย์ วังศรีมงคล.
945 ^p0^l0^i18167
999 ^aลิขิตลักษณ์
คุณยังไม่ได้ล็อกอิน คุณสามารถมีกิจกรรมร่วมกับเว็บไซต์ได้ แต่ต้องล็อกอินก่อน ::
ลำดับที่
ประเภท
เลขเรียก /บาร์โค้ด
สถานที่
สถานะ
1.
หนังสือการพยาบาล WE 705 ท364ก 2542. Barcode: 18167 หนังสือทั่วไป On Shelf [แสดง 1/1 รายการ]
mysqli: Can't create/write to file '/var/tmp/#sql_59d_0.MAI' (Errcode: 2) select * from index_db where titl like '%การเจริญเติบโตและพัฒนาการของกะโหลกศรีษะและใบหน้า/ ทัศนีย์ วังศรีมงคล.%' and mid<>'9791' order by rand() limit 3 mysqli: Can't create/write to file '/var/tmp/#sql_59d_0.MAI' (Errcode: 2) select * from index_db where subj like '%กะโหลกศรีษะ--การพัฒนา: ใบหน้า--การพัฒนาการ.%' and mid<>'9791' order by rand() limit 3
ยังไม่เคยถูกคอมเมนท์
คอมเมนท์ทรัพยากรรายการนี้
JavaScript must be enabled in order for you to use Google Maps.
However, it seems JavaScript is either disabled or not supported by your browser.
To view Google Maps, enable JavaScript by changing your browser options, and then
try again.